000 00340pab a2200145 454500
008 180718b1997 xxu||||| |||| 00| 0 eng d
100 _aBhatia, B.M.
245 _aAn impressive record
260 _c1997
300 _ap.13
362 _a16 Dec
650 _aEconomic and social development
773 _aHindustan Times
909 _a36462
999 _c36462
_d36462